000 00489nam a22001937a 4500
003 MPLRDC
005 20220104142528.0
008 210129b ||||| |||| 00| 0 eng d
020 _a978-986-6613-51-7
082 _a552.1 COW
100 _aTYLER COWEN
245 _a大停滞
_c沈大白 译
250 _a初版
260 _a台湾
_b早安财经文化有限公司
_c2012
300 _b188
490 _a早安财经讲堂: 55
650 _a国际经济
942 _cBK
_o552.1 COW
999 _c31609
_d31599